000 01232 a2200241 4500
005 20260225153104.0
008 260225b |||||||| |||| 00| 0 eng d
020 _a9789381350874 (hbk)
037 _cTB
040 _aCRL
_cCRL
041 _2hin
_ahin
084 _aNW44 152Q6
_qCRL
100 _aकुमार, अनिरुद्ध 'सुधांशु' & सिंह, मृत्युंजय सिंह
_9875962
245 _aपटकथा तथा संवाद लेखन
260 _bश्री नटराज प्रकाशन,
_c2016.
_aदिल्ली, भारत:
300 _a128पृ.
365 _b100.00
_cINR
650 _aललित कला
_91116649
650 _aसिनेमा
_91116650
700 _aकुमार, अनिरुद्ध 'सुधांशु'
_eसम्पादक
_91116651
942 _cTB
_2CC
_hNW44 152Q6
999 _c1474587
_d1474587